000 00870nam a2200289Ia 4500
003 OSt
005 20221007124527.0
006 a|||||r|||| 00| 0
007 ta
008 221006b |||||||| |||| 00| 0 eng d
020 _a9788120348172 (pbk)
024 _a190003
037 _b280, 24/03/2014, N R Book Distributors
_cTextual
040 _aCDL
_cCDL
_beng
041 _2eng
_aeng
082 _aE:219, L4;Q4-;1 Carc
100 _aLevine Ira N
245 0 _aQuantum chemistry
250 _a7
260 _aDelhi
_bPHI Learning
_c2014
300 _axi,700p.
_ccm.
500 _aAppendix 661-664p.; Bibliography 665-666p.; Index 679-700p.
650 _a Quantum chemistry
650 _aChemistry
942 _hE:219, L4;Q4-;1 Carc
_cTEXL
_2CC
999 _c1213667
_d1213667